| 000 | 00808am a2200265a 44500 | ||
|---|---|---|---|
| 003 | AR-BaBNM | ||
| 005 | 20251128211206.0 | ||
| 008 | 233020s1998 #AR|||||||||||000 | spa|| | ||
| 020 | _a987-95238-8-1 | ||
| 040 | _cAR-BaBNM | ||
| 245 | 1 | 0 |
_aEl zorro y el tigre van a la escuela _bel cuento en la literatura infantil y juvenil de base folklórica |
| 260 |
_aSanta Fe _bEdiciones AMSAFE _c1998 |
||
| 300 |
_a126 p. _bil. |
||
| 490 | 0 |
_aHistorias del aula _vv. 3 |
|
| 504 | _aContiene referencias bibliográficas | ||
| 650 | 4 | _aCRITICA LITERARIA | |
| 650 | 4 | _aLITERATURA INFANTIL | |
| 650 | 4 | _aLIBROS PARA NIÑOS | |
| 650 | 4 | _aLITERATURA FOLKLORICA | |
| 653 | _aLITERATURA JUVENIL | ||
| 655 | _aLITERATURA | ||
| 700 | 1 | _aVillaverde de Nessier, María del Carmen | |
| 942 | _cBK | ||
| 998 | _cmartin | ||
| 999 |
_c18650 _d18650 |
||